<?xml version="1.0" encoding="UTF-8"?>
<collection xmlns="http://www.loc.gov/MARC21/slim">
    <record>
        <controlfield tag="001">10929</controlfield>
        <controlfield tag="005">20150325140209.0</controlfield>
        <datafield tag="037" ind1=" " ind2=" ">
            <subfield code="a">TAZ-TFG-2013-377</subfield>
        </datafield>
        <datafield tag="041" ind1=" " ind2=" ">
            <subfield code="a">spa</subfield>
        </datafield>
        <datafield tag="100" ind1="1" ind2=" ">
            <subfield code="a">Bueno Martín, Ana</subfield>
        </datafield>
        <datafield tag="245" ind1="0" ind2="0">
            <subfield code="a">Tratamiento fisioterápico mediante el concepto Bobath de un caso de hemiparesia por parálisis cerebral infantil</subfield>
        </datafield>
        <datafield tag="260" ind1=" " ind2=" ">
            <subfield code="a">Zaragoza</subfield>
            <subfield code="b">Universidad de Zaragoza</subfield>
            <subfield code="c">2013</subfield>
        </datafield>
        <datafield tag="506" ind1=" " ind2=" ">
            <subfield code="a">by-nc-sa</subfield>
            <subfield code="b">Creative Commons</subfield>
            <subfield code="c">3.0</subfield>
            <subfield code="u">http://creativecommons.org/licenses/by-nc-sa/3.0/</subfield>
        </datafield>
        <datafield tag="520" ind1=" " ind2=" ">
            <subfield code="a">La parálisis cerebral infantil es la principal causa de discapacidad en la infancia en España, haciendo indispensable la intervención del profesional en fisioterapia para el desarrollo de la autonomía de este tipo de pacientes. Por lo anterior, el siguiente proyecto muestra los efectos de un programa de intervención basado en los principios del concepto Bobath. El objetivo del mismo es analizar los resultados del tratamiento fisioterápico en el paralítico cerebral tras cinco meses de evolución. El proyecto correspondió a un diseño de tipo intra-sujeto acerca de una paciente cuyo diagnóstico principal es retraso del desarrollo psicomotor y hemiparesia izquierda debido a una parálisis cerebral. Para verificar la efectividad del programa, se realizó una evaluación completa pre y post intervención, comparando su situación inicial y final mediante la escala GMFM-88 (Gross Motor Function Measure) y una valoración musculo-esquelética. Los resultados evidenciaron una mejora importante en el tono del lado afecto, un aumento significativo de la movilidad en el miembro superior izquierdo, así como una realización autónoma de los cambios posturales más importantes. Por ello, la presente investigación muestra la efectividad de un programa fisioterápico en una paciente de corta edad, basado en el concepto Bobath, así como la importancia del comienzo precoz y prolongado para la mejora de las limitaciones en las funciones motoras que presentan estas patologías.</subfield>
        </datafield>
        <datafield tag="521" ind1=" " ind2=" ">
            <subfield code="a">Graduado en Fisioterapia</subfield>
        </datafield>
        <datafield tag="540" ind1=" " ind2=" ">
            <subfield code="a">Derechos regulados por licencia Creative Commons</subfield>
        </datafield>
        <datafield tag="653" ind1="1" ind2=" ">
            <subfield code="a">concepto Bobath</subfield>
        </datafield>
        <datafield tag="653" ind1="1" ind2=" ">
            <subfield code="a">hemiparesia</subfield>
        </datafield>
        <datafield tag="653" ind1="1" ind2=" ">
            <subfield code="a">parálisis cerebral infantil</subfield>
        </datafield>
        <datafield tag="700" ind1=" " ind2=" ">
            <subfield code="a">Domínguez Oliván, María Pilar</subfield>
            <subfield code="e">dir.</subfield>
        </datafield>
        <datafield tag="710" ind1="2" ind2=" ">
            <subfield code="a">Universidad de Zaragoza</subfield>
            <subfield code="b">Fisiatría y Enfermería</subfield>
            <subfield code="c">Fisioterapia</subfield>
        </datafield>
        <datafield tag="856" ind1="0" ind2=" ">
            <subfield code="f">510954@celes.unizar.es</subfield>
        </datafield>
        <datafield tag="856" ind1="4" ind2=" ">
            <subfield code="s">760369</subfield>
            <subfield code="u">http://zaguan.unizar.es/record/10929/files/TAZ-TFG-2013-377.pdf</subfield>
            <subfield code="y">Memoria (spa)</subfield>
        </datafield>
        <datafield tag="909" ind1="C" ind2="O">
            <subfield code="o">oai:zaguan.unizar.es:10929</subfield>
            <subfield code="p">driver</subfield>
            <subfield code="p">trabajos-fin-grado</subfield>
        </datafield>
        <datafield tag="950" ind1=" " ind2=" ">
            <subfield code="a"></subfield>
        </datafield>
        <datafield tag="980" ind1=" " ind2=" ">
            <subfield code="a">TAZ</subfield>
            <subfield code="b">TFG</subfield>
            <subfield code="c">EUCS</subfield>
        </datafield>
    </record>

    
</collection>